[Event "DVM U14 2024"]
[Site "Heidelberg GER"]
[Date "2024.12.27"]
[Round "2"]
[White "Bauer, Laura Sophie"]
[Black "Klein, Levent"]
[Result "1-0"]
[Termination "normal"]
[Board "2.1"]
[WhiteElo "1926"]
[BlackElo "1985"]
[WhiteClock "00:02:00"]
[BlackClock "00:00:43"]
[WhiteTeam "SK Kelheim 1920"]
[BlackTeam "SK Kaiserslautern 1905"]
[PlyCount "107"]
[WhiteFideId "16253647"]
[BlackFideId "34611274"]
[EventCountry "GER"]
[EventRounds "7"]
[EventType "team-swiss"]
[EventDate "2024.12.26"]

1. e4 {[%clk 01:30:57]} {[%emt 00:00:02]} c6 {[%clk 01:30:58]} {[%emt
00:00:03]} 2. d4 {[%clk 01:31:22]} {[%emt 00:00:05]} d5 {[%clk 01:31:26]}
{[%emt 00:00:03]} 3. Nc3 {[%clk 01:31:45]} {[%emt 00:00:06]} dxe4 {[%clk
01:31:50]} {[%emt 00:00:06]} 4. Nxe4 {[%clk 01:32:09]} {[%emt 00:00:06]} Bf5
{[%clk 01:32:16]} {[%emt 00:00:04]} 5. Ng3 {[%clk 01:32:32]} {[%emt 00:00:07]}
Bg6 {[%clk 01:32:42]} {[%emt 00:00:04]} 6. h4 {[%clk 01:32:56]} {[%emt
00:00:06]} h6 {[%clk 01:33:09]} {[%emt 00:00:03]} 7. Nf3 {[%clk 01:33:21]}
{[%emt 00:00:05]} Nd7 {[%clk 01:33:33]} {[%emt 00:00:06]} 8. Bd3 {[%clk
01:33:43]} {[%emt 00:00:08]} Bxd3 {[%clk 01:33:59]} {[%emt 00:00:04]} 9. Qxd3
{[%clk 01:34:07]} {[%emt 00:00:06]} e6 {[%clk 01:34:21]} {[%emt 00:00:09]} 10.
Bf4 {[%clk 01:34:02]} {[%emt 00:00:35]} Ngf6 {[%clk 01:34:42]} {[%emt
00:00:08]} 11. O-O-O {[%clk 01:33:58]} {[%emt 00:00:35]} Be7 {[%clk 01:33:32]}
{[%emt 00:01:40]} 12. Kb1 {[%clk 01:32:44]} {[%emt 00:01:44]} Qa5 {[%clk
01:28:48]} {[%emt 00:05:14]} 13. Nd2 {[%clk 01:20:27]} {[%emt 00:12:46]} Nd5
{[%clk 01:25:30]} {[%emt 00:03:48]} 14. Nc4 {[%clk 01:18:22]} {[%emt 00:02:35]}
Nxf4 {[%clk 01:21:41]} {[%emt 00:04:19]} 15. Nxa5 {[%clk 01:18:45]} {[%emt
00:00:08]} Nxd3 {[%clk 01:22:05]} {[%emt 00:00:06]} 16. Rxd3 {[%clk 01:19:00]}
{[%emt 00:00:15]} O-O-O {[%clk 01:21:27]} {[%emt 00:01:06]} 17. Ne4 {[%clk
01:03:03]} {[%emt 00:16:27]} Nf6 {[%clk 01:17:59]} {[%emt 00:03:58]} 18. Nc3
{[%clk 00:57:39]} {[%emt 00:05:54]} Nd5 {[%clk 01:07:45]} {[%emt 00:10:44]} 19.
Ne2 {[%clk 00:52:41]} {[%emt 00:05:28]} Kc7 {[%clk 00:55:50]} {[%emt 00:12:26]}
20. g3 {[%clk 00:50:08]} {[%emt 00:03:03]} Rd7 {[%clk 00:50:09]} {[%emt
00:06:10]} 21. Rhd1 {[%clk 00:43:23]} {[%emt 00:07:14]} Rhd8 {[%clk 00:48:02]}
{[%emt 00:02:37]} 22. Nc4 {[%clk 00:39:53]} {[%emt 00:04:00]} Bf6 {[%clk
00:46:48]} {[%emt 00:01:45]} 23. Ne5 {[%clk 00:37:24]} {[%emt 00:02:59]} Bxe5
{[%clk 00:47:13]} {[%emt 00:00:05]} 24. dxe5 {[%clk 00:37:47]} {[%emt
00:00:07]} b5 {[%clk 00:43:46]} {[%emt 00:03:58]} 25. f4 {[%clk 00:33:11]}
{[%emt 00:05:06]} a6 {[%clk 00:39:33]} {[%emt 00:04:43]} 26. Kc1 {[%clk
00:31:05]} {[%emt 00:02:37]} Ne3 {[%clk 00:32:21]} {[%emt 00:07:41]} 27. Rxd7+
{[%clk 00:30:26]} {[%emt 00:01:09]} Rxd7 {[%clk 00:32:47]} {[%emt 00:00:05]}
28. Rxd7+ {[%clk 00:30:49]} {[%emt 00:00:06]} Kxd7 {[%clk 00:33:14]} {[%emt
00:00:04]} 29. Kd2 {[%clk 00:29:00]} {[%emt 00:02:19]} Nf5 {[%clk 00:33:39]}
{[%emt 00:00:05]} 30. Kd3 {[%clk 00:25:40]} {[%emt 00:03:50]} h5 {[%clk
00:31:35]} {[%emt 00:02:33]} 31. c4 {[%clk 00:18:24]} {[%emt 00:07:47]} c5
{[%clk 00:25:33]} {[%emt 00:06:32]} 32. b3 {[%clk 00:15:24]} {[%emt 00:03:31]}
Kc6 {[%clk 00:25:33]} {[%emt 00:00:29]} 33. a3 {[%clk 00:13:55]} {[%emt
00:02:00]} Kb6 {[%clk 00:22:50]} {[%emt 00:03:12]} 34. Kc3 {[%clk 00:09:52]}
{[%emt 00:04:32]} bxc4 {[%clk 00:15:29]} {[%emt 00:07:52]} 35. Kxc4 {[%clk
00:09:46]} {[%emt 00:00:36]} Kc6 {[%clk 00:14:34]} {[%emt 00:01:25]} 36. Kd3
{[%clk 00:09:02]} {[%emt 00:01:13]} f6 {[%clk 00:13:51]} {[%emt 00:01:14]} 37.
Ke4 {[%clk 00:03:28]} {[%emt 00:06:05]} a5 {[%clk 00:10:55]} {[%emt 00:03:26]}
38. exf6 {[%clk 00:00:43]} {[%emt 00:03:26]} gxf6 {[%clk 00:11:17]} {[%emt
00:00:08]} 39. Kd3 {[%clk 00:00:46]} {[%emt 00:00:27]} Kd6 {[%clk 00:06:09]}
{[%emt 00:05:37]} 40. Ke4 {[%clk 00:00:51]} {[%emt 00:00:26]} a4 {[%clk
00:03:41]} {[%emt 00:03:10]} 41. bxa4 {[%clk 00:27:17]} {[%emt 00:04:04]} c4
{[%clk 00:33:58]} {[%emt 00:00:13]} 42. Kf3 {[%clk 00:27:02]} {[%emt 00:00:43]}
Kc5 {[%clk 00:31:13]} {[%emt 00:03:16]} 43. Nc3 {[%clk 00:22:55]} {[%emt
00:04:37]} Nd6 {[%clk 00:23:03]} {[%emt 00:08:41]} 44. g4 {[%clk 00:10:36]}
{[%emt 00:12:49]} hxg4+ {[%clk 00:20:55]} {[%emt 00:02:38]} 45. Kxg4 {[%clk
00:10:57]} {[%emt 00:00:08]} Kd4 {[%clk 00:20:38]} {[%emt 00:00:47]} 46. Na2
{[%clk 00:00:41]} {[%emt 00:10:47]} e5 {[%clk 00:11:56]} {[%emt 00:09:11]} 47.
fxe5 {[%clk 00:01:10]} {[%emt 00:00:02]} fxe5 {[%clk 00:12:16]} {[%emt
00:00:09]} 48. h5 {[%clk 00:01:26]} {[%emt 00:00:13]} e4 {[%clk 00:01:04]}
{[%emt 00:11:42]} 49. h6 {[%clk 00:01:54]} {[%emt 00:00:03]} e3 {[%clk
00:01:31]} {[%emt 00:00:03]} 50. Nc1 {[%clk 00:02:16]} {[%emt 00:00:07]} Kc3
{[%clk 00:01:32]} {[%emt 00:00:28]} 51. h7 {[%clk 00:02:24]} {[%emt 00:00:22]}
Nf7 {[%clk 00:01:54]} {[%emt 00:00:09]} 52. Kf3 {[%clk 00:02:45]} {[%emt
00:00:08]} Kd2 {[%clk 00:02:12]} {[%emt 00:00:13]} 53. a5 {[%clk 00:02:01]}
{[%emt 00:01:14]} Ng5+ {[%clk 00:00:43]} {[%emt 00:01:58]} 54. Kf4 {[%clk
00:02:00]} {[%emt 00:00:30]} 1-0

[Event "DVM U14 2024"]
[Site "Heidelberg GER"]
[Date "2024.12.27"]
[Round "2"]
[White "Geschke, Jonathan"]
[Black "Gundermann, Mika Oleg"]
[Result "1-0"]
[Termination "normal"]
[Board "3.4"]
[WhiteElo "1698"]
[BlackElo "1798"]
[WhiteClock "00:09:17"]
[BlackClock "00:04:59"]
[WhiteTeam "SG Porz"]
[BlackTeam "SV Empor Berlin"]
[PlyCount "213"]
[WhiteFideId "34636129"]
[BlackFideId "34606513"]
[EventCountry "GER"]
[EventRounds "7"]
[EventType "team-swiss"]
[EventDate "2024.12.26"]

1. e4 {[%clk 01:30:58]} {[%emt 00:00:02]} e5 {[%clk 01:29:46]} {[%emt
00:01:15]} 2. Nf3 {[%clk 01:31:17]} {[%emt 00:00:11]} Nf6 {[%clk 01:30:10]}
{[%emt 00:00:05]} 3. Nxe5 {[%clk 01:31:12]} {[%emt 00:00:34]} d6 {[%clk
01:28:31]} {[%emt 00:02:11]} 4. Nf3 {[%clk 01:31:30]} {[%emt 00:00:11]} Nxe4
{[%clk 01:28:52]} {[%emt 00:00:09]} 5. Nc3 {[%clk 01:31:27]} {[%emt 00:00:33]}
Nf6 {[%clk 01:28:04]} {[%emt 00:01:18]} 6. d4 {[%clk 01:29:20]} {[%emt
00:02:36]} d5 {[%clk 01:28:26]} {[%emt 00:00:09]} 7. Be2 {[%clk 01:26:55]}
{[%emt 00:02:55]} Be7 {[%clk 01:28:01]} {[%emt 00:00:55]} 8. O-O {[%clk
01:27:10]} {[%emt 00:00:15]} O-O {[%clk 01:27:45]} {[%emt 00:00:46]} 9. Bf4
{[%clk 01:24:58]} {[%emt 00:02:42]} a6 {[%clk 01:26:15]} {[%emt 00:02:00]} 10.
a4 {[%clk 01:21:33]} {[%emt 00:03:55]} Bf5 {[%clk 01:22:01]} {[%emt 00:04:44]}
11. Re1 {[%clk 01:20:47]} {[%emt 00:01:16]} Nc6 {[%clk 01:20:05]} {[%emt
00:02:26]} 12. h3 {[%clk 01:18:44]} {[%emt 00:02:32]} Nb4 {[%clk 01:11:21]}
{[%emt 00:09:15]} 13. Bd3 {[%clk 01:16:21]} {[%emt 00:02:53]} Nxd3 {[%clk
01:07:27]} {[%emt 00:04:24]} 14. cxd3 {[%clk 01:16:28]} {[%emt 00:00:24]} h6
{[%clk 01:01:05]} {[%emt 00:06:52]} 15. Rc1 {[%clk 01:12:36]} {[%emt 00:04:22]}
Bd6 {[%clk 00:57:54]} {[%emt 00:03:41]} 16. Bxd6 {[%clk 01:12:06]} {[%emt
00:01:00]} Qxd6 {[%clk 00:57:58]} {[%emt 00:00:25]} 17. Ne2 {[%clk 01:08:29]}
{[%emt 00:04:06]} Qb6 {[%clk 00:52:01]} {[%emt 00:06:28]} 18. Ng3 {[%clk
01:06:45]} {[%emt 00:02:14]} Bh7 {[%clk 00:47:28]} {[%emt 00:05:02]} 19. Re7
{[%clk 01:01:08]} {[%emt 00:06:07]} c6 {[%clk 00:45:33]} {[%emt 00:02:25]} 20.
Rc3 {[%clk 00:56:53]} {[%emt 00:04:46]} Rab8 {[%clk 00:40:05]} {[%emt
00:05:58]} 21. Rb3 {[%clk 00:56:47]} {[%emt 00:00:36]} Qa7 {[%clk 00:40:21]}
{[%emt 00:00:14]} 22. Qd2 {[%clk 00:49:39]} {[%emt 00:07:38]} a5 {[%clk
00:38:56]} {[%emt 00:01:55]} 23. Qf4 {[%clk 00:44:10]} {[%emt 00:05:57]} Rfc8
{[%clk 00:30:00]} {[%emt 00:09:28]} 24. Ne5 {[%clk 00:34:16]} {[%emt 00:10:22]}
Bg6 {[%clk 00:24:33]} {[%emt 00:05:58]} 25. Nxg6 {[%clk 00:33:48]} {[%emt
00:01:00]} fxg6 {[%clk 00:24:43]} {[%emt 00:00:20]} 26. Qe5 {[%clk 00:24:28]}
{[%emt 00:09:49]} Re8 {[%clk 00:22:08]} {[%emt 00:03:07]} 27. Rxe8+ {[%clk
00:21:24]} {[%emt 00:03:33]} Rxe8 {[%clk 00:22:26]} {[%emt 00:00:13]} 28. Qc7
{[%clk 00:20:15]} {[%emt 00:01:39]} Rb8 {[%clk 00:20:20]} {[%emt 00:02:35]} 29.
Ne2 {[%clk 00:18:01]} {[%emt 00:02:44]} Qa8 {[%clk 00:11:31]} {[%emt 00:09:20]}
30. Nf4 {[%clk 00:15:12]} {[%emt 00:03:20]} Ne8 {[%clk 00:11:40]} {[%emt
00:00:20]} 31. Qb6 {[%clk 00:13:02]} {[%emt 00:02:39]} Kf7 {[%clk 00:10:36]}
{[%emt 00:01:36]} 32. Qc5 {[%clk 00:10:57]} {[%emt 00:02:35]} Qa6 {[%clk
00:09:32]} {[%emt 00:01:34]} 33. Qc2 {[%clk 00:10:14]} {[%emt 00:01:12]} Nd6
{[%clk 00:08:51]} {[%emt 00:01:11]} 34. Qe2 {[%clk 00:09:21]} {[%emt 00:01:22]}
Re8 {[%clk 00:09:13]} {[%emt 00:00:10]} 35. Qg4 {[%clk 00:08:55]} {[%emt
00:00:54]} g5 {[%clk 00:05:51]} {[%emt 00:03:54]} 36. Qd7+ {[%clk 00:05:56]}
{[%emt 00:03:28]} Re7 {[%clk 00:06:14]} {[%emt 00:00:07]} 37. Qxd6 {[%clk
00:06:19]} {[%emt 00:00:07]} gxf4 {[%clk 00:06:39]} {[%emt 00:00:04]} 38. Qxf4+
{[%clk 00:06:33]} {[%emt 00:00:27]} Kg8 {[%clk 00:06:12]} {[%emt 00:00:58]} 39.
Qd6 {[%clk 00:06:34]} {[%emt 00:00:28]} Kf7 {[%clk 00:05:29]} {[%emt 00:01:13]}
40. Qf4+ {[%clk 00:04:52]} {[%emt 00:02:12]} Kg8 {[%clk 00:05:36]} {[%emt
00:00:24]} 41. Qh4 {[%clk 00:05:06]} {[%emt 00:00:14]} Rf7 {[%clk 00:05:06]}
{[%emt 00:01:02]} 42. Qg4 {[%clk 00:03:57]} {[%emt 00:01:37]} Qa7 {[%clk
00:02:58]} {[%emt 00:02:39]} 43. Rc3 {[%clk 00:02:33]} {[%emt 00:01:50]} Qb8
{[%clk 00:01:05]} {[%emt 00:02:27]} 44. Rc2 {[%clk 00:01:28]} {[%emt 00:01:34]}
Qf4 {[%clk 00:27:02]} {[%emt 00:04:33]} 45. g3 {[%clk 00:25:34]} {[%emt
00:06:25]} Qxg4 {[%clk 00:24:34]} {[%emt 00:02:58]} 46. hxg4 {[%clk 00:25:46]}
{[%emt 00:00:17]} Re7 {[%clk 00:24:51]} {[%emt 00:00:14]} 47. Kf1 {[%clk
00:25:05]} {[%emt 00:01:06]} Kf7 {[%clk 00:25:03]} {[%emt 00:00:22]} 48. Rc5
{[%clk 00:24:44]} {[%emt 00:00:51]} Kg6 {[%clk 00:22:28]} {[%emt 00:03:06]} 49.
Rxa5 {[%clk 00:23:11]} {[%emt 00:02:02]} Kg5 {[%clk 00:22:11]} {[%emt
00:00:47]} 50. Ra7 {[%clk 00:23:13]} {[%emt 00:00:28]} Kf6 {[%clk 00:19:14]}
{[%emt 00:03:26]} 51. a5 {[%clk 00:21:32]} {[%emt 00:02:11]} Ke6 {[%clk
00:18:46]} {[%emt 00:00:59]} 52. a6 {[%clk 00:20:41]} {[%emt 00:01:21]} bxa6
{[%clk 00:18:21]} {[%emt 00:00:55]} 53. Rxa6 {[%clk 00:20:47]} {[%emt
00:00:24]} Kd6 {[%clk 00:18:46]} {[%emt 00:00:05]} 54. Rb6 {[%clk 00:19:49]}
{[%emt 00:01:27]} Kc7 {[%clk 00:18:42]} {[%emt 00:00:34]} 55. Rb3 {[%clk
00:19:48]} {[%emt 00:00:31]} Re8 {[%clk 00:18:54]} {[%emt 00:00:18]} 56. Kg2
{[%clk 00:16:47]} {[%emt 00:03:31]} Ra8 {[%clk 00:18:36]} {[%emt 00:00:47]} 57.
Kf3 {[%clk 00:16:01]} {[%emt 00:01:16]} Rf8+ {[%clk 00:18:35]} {[%emt
00:00:30]} 58. Kg2 {[%clk 00:14:04]} {[%emt 00:02:28]} Ra8 {[%clk 00:18:55]}
{[%emt 00:00:10]} 59. Ra3 {[%clk 00:11:43]} {[%emt 00:02:52]} Rg8 {[%clk
00:14:18]} {[%emt 00:05:05]} 60. Ra7+ {[%clk 00:10:50]} {[%emt 00:01:23]} Kd6
{[%clk 00:14:01]} {[%emt 00:00:47]} 61. Rb7 {[%clk 00:09:57]} {[%emt 00:01:24]}
Ke6 {[%clk 00:12:50]} {[%emt 00:01:41]} 62. b4 {[%clk 00:09:37]} {[%emt
00:00:50]} Kd6 {[%clk 00:12:47]} {[%emt 00:00:32]} 63. b5 {[%clk 00:09:41]}
{[%emt 00:00:26]} cxb5 {[%clk 00:12:46]} {[%emt 00:00:31]} 64. Rxb5 {[%clk
00:10:10]} {[%emt 00:00:02]} Re8 {[%clk 00:12:14]} {[%emt 00:01:01]} 65. Rb7
{[%clk 00:09:52]} {[%emt 00:00:48]} Rg8 {[%clk 00:09:54]} {[%emt 00:02:51]} 66.
Rf7 {[%clk 00:09:43]} {[%emt 00:00:38]} Ke6 {[%clk 00:10:18]} {[%emt 00:00:07]}
67. Rf5 {[%clk 00:09:12]} {[%emt 00:01:00]} Rc8 {[%clk 00:09:40]} {[%emt
00:01:08]} 68. Re5+ {[%clk 00:09:04]} {[%emt 00:00:38]} Kd6 {[%clk 00:09:55]}
{[%emt 00:00:16]} 69. Kf3 {[%clk 00:09:22]} {[%emt 00:00:11]} Rf8+ {[%clk
00:10:04]} {[%emt 00:00:21]} 70. Ke3 {[%clk 00:09:00]} {[%emt 00:00:52]} Rf7
{[%clk 00:06:10]} {[%emt 00:04:24]} 71. g5 {[%clk 00:08:00]} {[%emt 00:01:30]}
h5 {[%clk 00:05:21]} {[%emt 00:01:20]} 72. g6 {[%clk 00:07:30]} {[%emt
00:00:59]} Rf6 {[%clk 00:05:44]} {[%emt 00:00:06]} 73. Rxh5 {[%clk 00:07:44]}
{[%emt 00:00:16]} Rxg6 {[%clk 00:06:09]} {[%emt 00:00:06]} 74. Kf4 {[%clk
00:06:25]} {[%emt 00:01:48]} Rf6+ {[%clk 00:05:42]} {[%emt 00:00:58]} 75. Rf5
{[%clk 00:06:41]} {[%emt 00:00:14]} Rg6 {[%clk 00:06:01]} {[%emt 00:00:10]} 76.
f3 {[%clk 00:06:18]} {[%emt 00:00:54]} Ke6 {[%clk 00:06:11]} {[%emt 00:00:20]}
77. Rg5 {[%clk 00:06:31]} {[%emt 00:00:17]} Rf6+ {[%clk 00:06:29]} {[%emt
00:00:12]} 78. Kg4 {[%clk 00:06:50]} {[%emt 00:00:10]} g6 {[%clk 00:06:21]}
{[%emt 00:00:39]} 79. f4 {[%clk 00:07:03]} {[%emt 00:00:16]} Kd6 {[%clk
00:06:10]} {[%emt 00:00:42]} 80. Re5 {[%clk 00:07:22]} {[%emt 00:00:11]} Rf8
{[%clk 00:05:41]} {[%emt 00:01:00]} 81. Kg5 {[%clk 00:07:23]} {[%emt 00:00:29]}
Rg8 {[%clk 00:04:56]} {[%emt 00:01:14]} 82. g4 {[%clk 00:07:51]} {[%emt
00:00:02]} Rf8 {[%clk 00:04:59]} {[%emt 00:00:28]} 83. Re1 {[%clk 00:07:51]}
{[%emt 00:00:30]} Rg8 {[%clk 00:03:03]} {[%emt 00:02:26]} 84. Ra1 {[%clk
00:08:07]} {[%emt 00:00:14]} Ke6 {[%emt 00:00:25]} 85. Ra6+ {[%clk 00:08:26]}
Kf7 {[%clk 00:01:45]} {[%emt 00:02:04]} 86. Rf6+ {[%clk 00:08:41]} {[%emt
00:00:14]} Ke7 {[%clk 00:01:35]} {[%emt 00:00:40]} 87. Rxg6 {[%clk 00:09:00]}
{[%emt 00:00:11]} Rf8 {[%clk 00:01:40]} {[%emt 00:00:25]} 88. f5 {[%clk
00:08:40]} {[%emt 00:00:51]} Rh8 {[%clk 00:01:43]} {[%emt 00:00:25]} 89. Rh6
{[%clk 00:08:04]} {[%emt 00:01:08]} Rg8+ {[%clk 00:02:05]} {[%emt 00:00:08]}
90. Kf4 {[%clk 00:08:25]} {[%emt 00:00:07]} Rf8 {[%clk 00:00:58]} {[%emt
00:01:38]} 91. Ke5 {[%clk 00:08:41]} {[%emt 00:00:14]} Rg8 {[%clk 00:01:15]}
{[%emt 00:00:14]} 92. Rg6 {[%clk 00:08:36]} {[%emt 00:00:32]} Rd8 {[%clk
00:01:31]} {[%emt 00:00:16]} 93. Re6+ {[%clk 00:08:57]} {[%emt 00:00:09]} Kf7
{[%clk 00:01:57]} {[%emt 00:00:05]} 94. g5 {[%clk 00:08:54]} {[%emt 00:00:31]}
Rh8 {[%clk 00:02:02]} {[%emt 00:00:25]} 95. Kxd5 {[%clk 00:09:09]} {[%emt
00:00:15]} Rh5 {[%clk 00:02:19]} {[%emt 00:00:13]} 96. g6+ {[%clk 00:09:18]}
{[%emt 00:00:22]} Kg7 {[%clk 00:02:35]} {[%emt 00:00:14]} 97. Ke5 {[%clk
00:09:34]} {[%emt 00:00:14]} Rg5 {[%clk 00:02:31]} {[%emt 00:00:33]} 98. Re7+
{[%clk 00:09:24]} {[%emt 00:00:39]} Kf8 {[%clk 00:02:53]} {[%emt 00:00:08]} 99.
Rf7+ {[%clk 00:09:47]} {[%emt 00:00:07]} Kg8 {[%clk 00:03:06]} {[%emt
00:00:18]} 100. Kf6 {[%clk 00:10:09]} {[%emt 00:00:07]} Rh5 {[%clk 00:03:20]}
{[%emt 00:00:16]} 101. d5 {[%clk 00:09:53]} {[%emt 00:00:46]} Rh4 {[%clk
00:03:40]} {[%emt 00:00:11]} 102. g7 {[%clk 00:09:40]} {[%emt 00:00:43]} Rh6+
{[%clk 00:03:42]} {[%emt 00:00:28]} 103. Ke7 {[%clk 00:09:28]} {[%emt
00:00:36]} Ra6 {[%clk 00:04:01]} {[%emt 00:00:17]} 104. d6 {[%clk 00:08:44]}
{[%emt 00:01:14]} Ra7+ {[%clk 00:04:04]} {[%emt 00:00:28]} 105. d7 {[%clk
00:08:42]} {[%emt 00:00:32]} Rxd7+ {[%clk 00:04:30]} {[%emt 00:00:04]} 106.
Kxd7 {[%clk 00:09:04]} {[%emt 00:00:07]} Kxf7 {[%clk 00:04:59]} {[%emt
00:00:01]} 107. f6 {[%clk 00:09:17]} {[%emt 00:00:17]} 1-0

[Event "DVM U14 2024"]
[Site "Heidelberg GER"]
[Date "2024.12.27"]
[Round "2"]
[White "Färber, Anna"]
[Black "Kaplan, Arne"]
[Result "1/2-1/2"]
[Termination "normal"]
[Board "8.1"]
[WhiteElo "1698"]
[BlackElo "1710"]
[WhiteClock "00:19:10"]
[BlackClock "00:26:15"]
[WhiteTeam "SV 1947 Walldorf"]
[BlackTeam "Barnimer SF im SV Stahl Finow"]
[PlyCount "62"]
[WhiteFideId "34633480"]
[BlackFideId "34625194"]
[EventCountry "GER"]
[EventRounds "7"]
[EventType "team-swiss"]
[EventDate "2024.12.26"]

1. e4 {[%clk 01:30:54]} {[%emt 00:00:04]} c5 {[%clk 01:30:43]} {[%emt
00:00:17]} 2. c3 {[%clk 01:31:15]} {[%emt 00:00:10]} Nf6 {[%clk 01:31:06]}
{[%emt 00:00:08]} 3. e5 {[%clk 01:31:36]} {[%emt 00:00:08]} Nd5 {[%clk
01:31:14]} {[%emt 00:00:22]} 4. Nf3 {[%clk 01:31:58]} {[%emt 00:00:08]} d6
{[%clk 01:31:22]} {[%emt 00:00:22]} 5. exd6 {[%clk 01:31:18]} {[%emt 00:01:10]}
e6 {[%clk 01:31:37]} {[%emt 00:00:14]} 6. g3 {[%clk 01:31:03]} {[%emt
00:00:45]} Bxd6 {[%clk 01:30:23]} {[%emt 00:01:45]} 7. Bg2 {[%clk 01:30:51]}
{[%emt 00:00:42]} Nc6 {[%clk 01:28:48]} {[%emt 00:02:05]} 8. O-O {[%clk
01:29:30]} {[%emt 00:01:50]} O-O {[%clk 01:28:06]} {[%emt 00:01:11]} 9. d4
{[%clk 01:28:18]} {[%emt 00:01:43]} cxd4 {[%clk 01:22:17]} {[%emt 00:06:19]}
10. Nxd4 {[%clk 01:28:19]} {[%emt 00:00:29]} Nxd4 {[%clk 01:20:12]} {[%emt
00:02:36]} 11. Qxd4 {[%clk 01:27:58]} {[%emt 00:00:50]} Nf6 {[%clk 01:15:40]}
{[%emt 00:05:02]} 12. Nd2 {[%clk 01:23:34]} {[%emt 00:04:54]} e5 {[%clk
01:05:54]} {[%emt 00:10:16]} 13. Qe3 {[%clk 01:21:30]} {[%emt 00:02:33]} Re8
{[%clk 01:04:53]} {[%emt 00:01:32]} 14. Nc4 {[%clk 01:18:08]} {[%emt 00:03:53]}
Bc7 {[%clk 01:04:12]} {[%emt 00:01:11]} 15. Qe2 {[%clk 01:13:30]} {[%emt
00:05:07]} Rb8 {[%clk 01:01:48]} {[%emt 00:02:55]} 16. Be3 {[%clk 01:08:46]}
{[%emt 00:05:13]} b6 {[%clk 00:56:08]} {[%emt 00:06:11]} 17. Rfd1 {[%clk
01:05:22]} {[%emt 00:03:54]} Qe7 {[%clk 00:55:44]} {[%emt 00:00:55]} 18. Qc2
{[%clk 01:04:43]} {[%emt 00:01:08]} Be6 {[%clk 00:54:10]} {[%emt 00:02:04]} 19.
Nd2 {[%clk 01:00:54]} {[%emt 00:04:18]} h6 {[%clk 00:51:48]} {[%emt 00:02:54]}
20. Nf3 {[%clk 00:58:11]} {[%emt 00:03:13]} Rbd8 {[%clk 00:46:38]} {[%emt
00:05:40]} 21. Re1 {[%clk 00:54:45]} {[%emt 00:03:56]} Qd7 {[%clk 00:38:33]}
{[%emt 00:08:34]} 22. Rad1 {[%clk 00:48:14]} {[%emt 00:07:01]} Qc8 {[%clk
00:36:13]} {[%emt 00:02:51]} 23. Rxd8 {[%clk 00:46:41]} {[%emt 00:02:03]} Rxd8
{[%clk 00:35:34]} {[%emt 00:01:09]} 24. Bd2 {[%clk 00:42:16]} {[%emt 00:04:54]}
Bf5 {[%clk 00:31:25]} {[%emt 00:04:39]} 25. Qa4 {[%clk 00:37:51]} {[%emt
00:04:55]} Bg4 {[%clk 00:29:26]} {[%emt 00:02:29]} 26. Be3 {[%clk 00:36:09]}
{[%emt 00:02:11]} Qb8 {[%clk 00:28:43]} {[%emt 00:01:15]} 27. h3 {[%clk
00:32:48]} {[%emt 00:03:51]} Be6 {[%clk 00:27:55]} {[%emt 00:01:17]} 28. Qh4
{[%clk 00:27:30]} {[%emt 00:05:47]} Nh7 {[%clk 00:26:14]} {[%emt 00:02:12]} 29.
Qa4 {[%clk 00:25:59]} {[%emt 00:02:01]} Nf6 {[%clk 00:26:16]} {[%emt 00:00:28]}
30. Qh4 {[%clk 00:21:51]} {[%emt 00:04:37]} Nh7 {[%clk 00:26:36]} {[%emt
00:00:10]} 31. Qa4 {[%clk 00:19:10]} {[%emt 00:03:12]} Nf6 {[%clk 00:26:15]}
1/2-1/2